Complex variables with applications (Record no. 7615)

000 -LEADER
fixed length control field 00449 a2200169 4500
020 ## - INTERNATIONAL STANDARD BOOK NUMBER
International Standard Book Number 0-321-22322-5
020 ## - INTERNATIONAL STANDARD BOOK NUMBER
International Standard Book Number 0-201-75609-9
040 ## - CATALOGING SOURCE
Original cataloging agency DLC
Language of cataloging DLC
082 ## - DEWEY DECIMAL CLASSIFICATION NUMBER
Classification number 515.9
100 1# - MAIN ENTRY--PERSONAL NAME
Personal name Wunsch, A. David
245 00 - TITLE STATEMENT
Title Complex variables with applications
Statement of responsibility, etc. A. David Wunsch
250 ## - EDITION STATEMENT
Edition statement 3. ed.
260 ## - PUBLICATION, DISTRIBUTION, ETC.
Place of publication, distribution, etc. Boston, Mass. :
Name of publisher, distributor, etc. Pearson,
Date of publication, distribution, etc. cop. 2005
300 ## - PHYSICAL DESCRIPTION
Extent 677 s.
Other physical details ill.
650 #0 - SUBJECT ADDED ENTRY--TOPICAL TERM
Topical term or geographic name entry element Functions of complex variables
942 ## - ADDED ENTRY ELEMENTS (KOHA)
Koha item type Book
Call number prefix 515.9 WUN
Source of classification or shelving scheme
Holdings
Withdrawn status Lost status Damaged status Not for loan Collection code Permanent Location Current Location Shelving location Date acquired Source of acquisition Cost, normal purchase price Total Checkouts Total Renewals Full call number Barcode Checked out Date last seen Date last checked out Price effective from Koha item type
          Central Library (CL) Central Library (CL) General Stacks 03/10/2005 Allied Book Company 1149.75 4 1 515.9 WUN SEECS005381 11/01/2024 07/04/2024 07/04/2024 01/05/2017 Book
          Central Library (CL) Central Library (CL) General Stacks 05/09/2005 Allied Book Company 1143.12 5 2 515.9 WUN SEECS005660   10/24/2022 04/03/2021 01/05/2017 Book
© 2023 Central Library, National University of Sciences and Technology. All Rights Reserved.